000 00823nam a22002297a 4500
005 20100802132924.0
010 _aENG-97509
020 _a9788191052558
_c795.00
035 _aEN-81042
037 _bDBAD/PUB
082 _a331
100 _aDatt, K.D. Brahma
_95355
245 _aComparative employment relations/
_cby K.D. Brahma Datt
260 _aDelhi
_bAkhand Publishing House
_c2010
270 _aL-9A, 1st Floor, Street No. 42 Sadatpur Extension
_bDelhi
_e110094
300 _a270p.
_c22cm (Hb)
500 _aIncludes bibliographical references and index
650 _aComparative Industrial Relations
_95356
650 _aIndustrial Relations
_95357
942 _2ddc
_cEN
_h331
_mDAT
999 _c38638
_d38638